| 000 | 02824cam a2200589 a 4500 | ||
|---|---|---|---|
| 001 | 000005960 | ||
| 005 | 20200929151848.0 | ||
| 008 | 910703k19791992sp b 001 0 spa d | ||
| 020 | _a8474231140 (v. 1) | ||
| 020 | _a8474234875 (v. 1) | ||
| 020 | _a8474231396 (v. 2) | ||
| 020 | _a8474234883 (v. 2/1) | ||
| 020 | _a8474231930 (v. 3) | ||
| 020 | _a8474235472 (v. 3/1) | ||
| 020 | _a8474232120 (v. 4) | ||
| 020 | _a8474235464 (v. 4/1) | ||
| 020 | _a847423185X (v. 5) | ||
| 020 | _a8474236460 (v. 5/1) | ||
| 020 | _a8474231086 (v. 6) | ||
| 020 | _a8474236304 (v. 6/1) | ||
| 020 | _a8474232317 (v. 7) | ||
| 020 | _a8474231469 (v. 8) | ||
| 020 | _a8474235456 (v. 9) | ||
| 040 |
_aDO-SdBNP _bspa _cLC _dBNPHU |
||
| 082 |
_a860.9 _bH673 |
||
| 245 | 0 | 0 |
_aHistoria y crítica de la literatura española / _cal cuidado de Francisco Rico. |
| 260 |
_aBarcelona : _bCrítica, _c1979-1992. |
||
| 300 |
_a9 v. ; _c20 cm. |
||
| 490 | 1 | _aPáginas de filología | |
| 500 | _aLa biblioteca posee 9 volumenes. | ||
| 504 | _aIncluye referencia bibliográfica e índice. | ||
| 505 | 0 |
_gV.1. _rAlan Deyermond. _tEdad media. -- _gV.1 t.1. _rAlan Deyermond. _tEdad media: primer suplemento. -- _gV.2. _rFrancisco López Estrada. _tSiglos de oro: renacimiento. -- _gV.2 t.1. _rFrancisco López Estrada _tSiglos de oro: renacimiento: primer suplemento _gV.3. _rBruce W. Wardropper. _tSiglos de oro: barroco. -- _gV.3 t.1. _rAurora Egido. _tSiglos de oro: barroco: primer suplemento. -- |
|
| 505 | 0 |
_gV.4. _rJosé Miguel Caso González. _tIlustración y neoclasicismo. -- _gV.4. t.1. _rDavid T. Gies y Russell P. Sebold. _tIlustración y neoclasicismo: primer suplemento. -- _gV.5. _rIris M. Zavala. _tRomanticismo y realismo. -- _gV.5 t.1. _rIris M. Zavala. _tRomanticismo y realismo: primer suplemento. -- _gV.6. _rJosé Carlos Mainer. _tModernismo y 98 _gV.6 t.1. _rJosé Carlos Mainer. _tModernismo y 98: primer suplemento _gV.7. _rVíctor G. de la Concha. _tÉpoca contemporánea: 1914-1939 _gV.8. _rDomingo Ynduráin. _tÉpoca contemporánea: 1939-1980 _gV.9. _rDarío Villanueva. _tLos nuevos nombres: 1975-1990 |
|
| 650 | 4 |
_aLiteratura española _xHistoria y crítica _93904 |
|
| 700 | 1 |
_aDeyermon, Alan _916787 |
|
| 700 | 1 |
_aLópez Estrada, Francisco _915559 |
|
| 700 | 1 |
_aWardropper, Bruce W. _916788 |
|
| 700 | 1 |
_aEgido, Aurora _910573 |
|
| 700 | 1 |
_aCaso González, José Miguel _916789 |
|
| 700 | 1 |
_aGies, David T. _916790 |
|
| 700 | 1 |
_aSebold, Russell P. _916791 |
|
| 700 | 1 |
_aZavala, Iris M. _916792 |
|
| 700 | 1 |
_aMainer, José Carlos _913715 |
|
| 700 | 1 |
_aConcha, Víctor G. de la _916793 |
|
| 700 | 1 |
_aYnduráin, Domingo _915505 |
|
| 700 | 1 |
_aVillanueva, Darío _916794 |
|
| 700 | 1 |
_aRico, Francisco, _edir. _97816 |
|
| 830 | 0 |
_aPáginas de filología _916795 |
|
| 910 | _aCatalogación derivada | ||
| 910 | _aWM | ||
| 049 | _aBNGR | ||
| 999 |
_c5756 _d5756 |
||